Science Quiz

Random Science or Numbers Quiz

Cubes 1-10 Quiz Stats

 Plays Quiz not verified by Sporcle

Score 0/10 Timer 02:00
0 Plays Today
Number Number Cubed % Correct
11
96.5%
28
95.7%
327
95.4%
101000
95.4%
5125
94.2%
464
93.5%
6216
88.5%
9729
87.3%
7343
87.2%
8512
85.6%

You're not logged in!

Compare scores with friends on all Sporcle quizzes.
OR
Log In

Show Comments

Extras

Created Nov 13, 2010ReportNominate
Tags:Numbers Quiz, 1-10, cube, cubed

Top Quizzes Today


Score Distribution

Your Account Isn't Verified!

In order to create a playlist on Sporcle, you need to verify the email address you used during registration. Go to your Sporcle Settings to finish the process.

Report this User

Report this user for behavior that violates our Community Guidelines.

Details: